[Event "VII Sunway Sitges Open-B 2020"]
[Site "Sitges"]
[Date "2020.12.21"]
[Round "8.1"]
[White "Domene Mulyukov, Alexander"]
[Black "Parra Ordorica, Arnau"]
[Result "1/2-1/2"]
[WhiteElo "1967"]
[BlackElo "1796"]
[Annotator "TA"]
[PlyCount "106"]
[EventDate "2020.12.13"]
[EventType "swiss"]
[EventCountry "ESP"]
[SourceTitle "playchess.com"]
[Source "ChessBase"]
[SourceQuality "1"]

{[%evp 9,106,-14,27,15,29,10,46,24,33,33,65,50,40,41,45,37,51,33,48,16,68,18,42,45,80,41,42,8,85,56,196,151,149,0,35,29,33,0,32,-108,0,0,81,14,26,18,35,39,167,-69,96,102,153,153,208,155,475,41,37,-246,-283,-441,-268,-344,-323,-280,-15,-33,0,-19,-16,-17,-16,-24,0,0,0,0,0,0,55,10,18,-37,-8,-45,-37,-36,-36,-70,-56,-56,-56,-57,-51,-56,-49,-53,-24]} 1. e4 c5 2. Nf3 e6 3. d3 g6 4. g3 Bg7 5. h4 Nc6 6. h5 {[#] B40: Sicilian: 2...e6, Unusual lines.} d6 $146 ({Predecessor:} 6... Nge7 7. Bg2 d5 8. h6 Bf6 9. Qe2 e5 10. c3 O-O 11. Bg5 Bxg5 12. Nxg5 d4 {1-0 (29) Zigo,V (2252)-Krejci,J (2229) Czechia 2010}) 7. Bg2 Bd7 8. c3 {White is slightly better.} e5 9. Na3 a6 10. hxg6 hxg6 11. Rxh8 Bxh8 12. Nc4 Qc7 13. Ne3 Nge7 14. Qb3 Be6 (14... Bf6 $11) 15. Qc2 Bd7 16. Bd2 O-O-O 17. a3 f5 18. b4 cxb4 (18... f4 $11 19. Nd5 Nxd5 20. exd5 Ne7) 19. axb4 $16 Be6 (19... f4 $1 $14) 20. Ng5 $18 Bg8 21. Bh3 (21. b5 $16 Nb8 22. exf5 gxf5 23. Bh3) 21... Kb8 (21... Bf6 $5 {[%cal Rf6g5]} 22. Nf3 Be6 $11) 22. Qa4 Bf6 23. Nc2 Na7 {And now ...Bxg5 would win.} 24. b5 (24. c4 $14 {keeps the upper hand.}) 24... Nxb5 ({Better is} 24... Bxg5 $17 25. Bxg5 Qxc3+ {[%mdl 64] Double Attack} 26. Bd2 Qxd3 {[%mdl 64] Double Attack}) 25. c4 $36 {[%mdl 2048] White is pushing.} Na7 (25... Rc8 $1 $11) 26. exf5 (26. Ba5 $16 b6 27. Bd2) 26... gxf5 {...d5 is the strong threat.} 27. Ba5 b6 28. Rb1 $1 {[%mdl 1024] White has compensation.} Nac8 {[#]} (28... Bxg5 $2 29. Bxb6 Qc8 30. Bxd8+ Ka8 31. Bg2+ Bd5 32. Bxe7 $18) (28... Nec8 $1 $14) 29. Bd2 $2 (29. Bxb6 $1 $18 {[%mdl 512]} Nxb6 30. Qxa6) 29... Ka7 $2 (29... Qb7 $15) 30. Bg2 $16 d5 (30... e4 $142) 31. Nb4 $1 {[%cal Rb4a6]} a5 (31... Qb7 $16) 32. Be3 $18 d4 $2 {[#]} (32... Ka8 $16 {is a better chance.}) 33. Bd2 $2 {[#]} (33. Qb5 $1 $18 {[%cal Rb5a6] Threatening mate with Qa6+.} Bd5 34. cxd5) 33... e4 $1 $14 {[%mdl 512] [#]} 34. Rb3 $2 {[%mdl 8192]} (34. Nxe4 $1 $14 {[%mdl 512]} fxe4 35. Qb5) (34. dxe4 Bxg5) 34... exd3 (34... e3 35. Qb5 $17) 35. Bf4 (35. Nh7 {is a better defense.} Bg7 36. Nxd3 Qxc4 37. Qxc4 Bxc4 38. Ra3) 35... Be5 ({Less strong is} 35... d2+ 36. Kxd2 Qxc4 37. Ra3 $19) 36. Qb5 {Intending Qa6+ and mate.} Bxc4 ({Not} 36... d2+ 37. Bxd2 Bxc4 38. Nc6+ Qxc6 39. Bxc6 $19) 37. Bxe5 Bxb5 $2 ({Black should play} 37... Nd6 $19 38. Na6 Nxb5 {[%mdl 64] Discovered Attack} 39. Nxc7 Nxc7) 38. Bxc7 $11 Rd7 (38... Re8 {keeps more tension.} 39. Kd2 axb4 40. Rxb4 Ka6 41. Bf4 Nc6) 39. Nxd3 Bxd3 40. Bxb6+ Nxb6 41. Rxd3 Ng6 42. Nf3 a4 43. Nxd4 Ne5 44. Rd2 {aiming for f4.} Rf7 (44... Nbc4 $11 45. Nc6+ Kb6 46. Nxe5 Nxe5) 45. Re2 Nec4 46. Re8 ({White should try} 46. Bf1 $11) 46... f4 47. Bc6 fxg3 {Black is slightly better.} 48. fxg3 a3 {White must now prevent ...a2.} 49. Nb5+ Ka6 {( -> ...a2)} 50. Nxa3 Nxa3 51. Ke2 Nc2 {Hoping for ...Nd4+.} 52. Be4 Nd4+ 53. Ke3 Nf5+ {Weighted Error Value: White=0.55/Black=0.56} 1/2-1/2

[Event "VII Sunway Sitges Open-B 2020"]
[Site "Sitges"]
[Date "2020.12.21"]
[Round "8.2"]
[White "Orti Boix, Miguel"]
[Black "Lazaro del Arco, Martina"]
[Result "0-1"]
[WhiteElo "1649"]
[BlackElo "1257"]
[Annotator "NA RC"]
[PlyCount "71"]
[EventDate "2020.12.13"]
[EventType "swiss"]
[EventCountry "ESP"]
[SourceTitle "playchess.com"]
[Source "ChessBase"]
[SourceQuality "1"]

1. e4 {[%emt 0:00:00]} d6 {[%emt 0:00:00]} 2. d4 {[%emt 0:00:00]} g6 {[%emt 0:00:00]} 3. f4 {[%emt 0:01:27]} Bg7 {[%emt 0:01:05]} 4. Nf3 {[%emt 0:00:35]} a6 {[%emt 0:01:17]} 5. a4 {[%emt 0:01:16]} b6 {[%emt 0:02:22]} 6. Bd3 {[%emt 0:04:29]} Bb7 {[%emt 0:04:03]} 7. O-O {[%emt 0:00:54]} Nd7 {[%emt 0:02:13]} 8. c4 {[%emt 0:02:30]} c5 {[%emt 0:01:46]} 9. d5 {[%emt 0:00:45]} Ngf6 {[%emt 0:02:07]} 10. e5 {[%emt 0:03:36]} dxe5 {[%emt 0:00:28]} 11. fxe5 {[%emt 0:00:29]} Ng4 {[%emt 0:01:03]} 12. e6 {[%emt 0:02:48]} Nde5 {[%emt 0:03:56]} 13. exf7+ {[%emt 0:07:20]} Nxf7 {[%emt 0:00:25]} 14. h3 {[%emt 0:05:25]} Nf6 {[%emt 0:03:54]} 15. Ng5 {[%emt 0:03:33]} Nxg5 {[%emt 0:02:09]} 16. Bxg5 {[%emt 0:00:08]} O-O {[%emt 0:02:47]} 17. Qe2 {[%emt 0:04:04]} Qd7 {[%emt 0:03:53]} 18. Re1 {[%emt 0:03:35]} Rae8 {[%emt 0:01:26]} 19. Nc3 {[%emt 0:06:15]} Nh5 {[%emt 0:03:46]} 20. Qe6+ {[%emt 0:01:46]} Qxe6 {[%emt 0:01:14]} 21. Rxe6 {[%emt 0:00:20]} Nf4 {[%emt 0:01:43]} 22. Bxf4 {[%emt 0:03:42]} Rxf4 {[%emt 0:01:10]} 23. Rxb6 {[%emt 0:01:17]} Bc8 {[%emt 0:01:20]} 24. Ne2 {[%emt 0:03:00]} Rh4 {[%emt 0:02:30]} 25. Rb1 {[%emt 0:04:29]} Be5 {[%emt 0:09:12]} 26. b3 {[%emt 0:04:00]} a5 {[%emt 0:08:06]} 27. Rb5 {[%emt 0:03:01]} Bc7 {[%emt 0:00:39]} 28. Rxc5 {[%emt 0:00:40]} Bb6 {[%emt 0:00:08]} 29. Kh2 {[%emt 0:02:44]} Bxc5 {[%emt 0:00:12]} 30. Nc3 {[%emt 0:03:04]} Bd6+ {[%emt 0:00:31]} 31. Kh1 {[%emt 0:00:40]} Bxh3 {[%emt 0:00:41]} 32. Ne4 {[%emt 0:04:18]} Bf5+ {[%emt 0:00:23]} 33. Kg1 Bxe4 34. Bxe4 Rxe4 35. Rc1 {[%emt 0:02:41]} Bc5+ {[%emt 0:01:36]} 36. Kh2 0-1

[Event "VII Sunway Sitges Open-B 2020"]
[Site "Sitges"]
[Date "2020.12.21"]
[Round "8.3"]
[White "Seow, Yong Li"]
[Black "Carrasco Gomez, Adahara"]
[Result "0-1"]
[WhiteElo "2059"]
[BlackElo "1398"]
[Annotator "TA"]
[PlyCount "78"]
[EventDate "2020.12.13"]
[EventType "swiss"]
[EventCountry "ESP"]
[SourceTitle "playchess.com"]
[Source "ChessBase"]
[SourceQuality "1"]

{[%evp 9,78,-92,-22,-17,-25,-19,-18,-25,-16,-47,-31,-39,-18,-23,-4,-43,-44,-164,-146,-160,-16,-102,-32,-50,0,0,0,0,0,0,0,0,35,-159,-160,-167,-167,-167,-157,-170,-162,-153,-148,-125,-87,-79,-80,-100,-57,-56,0,-79,-81,-104,-100,-100,-102,-29979,-29980,-29981,-29982,-29982,-29983,-29983,-29984,-29993,-29994,-29997,-29998,-29998,-29999]} 1. d4 Nf6 2. Bg5 d6 3. e3 Nbd7 {[#]} 4. d5 $146 ({Predecessor:} 4. Nd2 e5 5. Bc4 Be7 6. Ne2 O-O 7. c3 b6 8. O-O Bb7 9. Ng3 h6 10. Bxf6 Nxf6 {1-0 (50) Andreikin,D (2726)-Hansen,E (2606) Chess.com INT 2020}) 4... c6 5. c4 cxd5 ({Black should play} 5... Ne4 $17 6. Nd2 Qa5) 6. Bxf6 $11 {A45: Trompowsky Attack.} Nxf6 7. cxd5 Qa5+ 8. Nc3 {The position is equal.} a6 9. h3 b5 10. a3 $1 Bb7 {White should prevent ...Nxd5.} 11. b4 Qb6 12. Nf3 (12. a4 $5 {[%cal Ra4b5]}) 12... g6 13. g4 (13. Be2 $15) 13... Bg7 $19 14. Bg2 {[#]} a5 (14... Nxg4 $1 $17 {[%mdl 512]} 15. Rc1 (15. hxg4 Bxc3+) 15... Ne5 16. Nxe5 Bxe5) 15. O-O (15. Rc1 $11) 15... axb4 (15... Nxg4 $17 16. Nd4 axb4 17. Ncxb5 Nf6) 16. axb4 $15 Rxa1 (16... Rc8 $5 {[%cal Rc8c3]} 17. Qd3 Nxg4 $15) 17. Qxa1 Ne4 18. Nd4 Nxc3 19. Qxc3 O-O 20. Rc1 Rc8 21. Qd2 $2 (21. Qxc8+ $14 {was forced to keep a grip.} Bxc8 22. Rxc8+ Bf8 23. Ra8) 21... Rxc1+ $17 22. Qxc1 Bxd4 23. exd4 Qxd4 24. Qc7 Bxd5 {And now ...Qa1+ would win.} 25. Qb8+ Kg7 {Strongly threatening ...Qa1+.} 26. Qxb5 Bxg2 27. Kxg2 {[%mdl 4096] Endgame KQ-KQ} Qe4+ 28. Kg1 Qe1+ 29. Kg2 {[#]} Qe4+ (29... d5 $1 $15 {[%mdl 512]}) 30. Kg3 (30. Kg1 $1 $11 {remains equal.}) 30... d5 31. Qb7 Qe5+ 32. Kg2 d4 {aiming for ...d3.} 33. Kf3 $2 {[%mdl 8192] Loses the game.} (33. b5 $17) 33... d3 {Black mates.} 34. Qd7 Qe2+ 35. Kg2 d2 36. Qd4+ e5 37. Qc5 d1=Q 38. Qc6 Qdf1+ {[%mdl 64] Double Attack} 39. Kh2 Qexf2+ {Weighted Error Value: White=0.47/Black=0.23} 0-1

[Event "VII Sunway Sitges Open-B 2020"]
[Site "Sitges"]
[Date "2020.12.21"]
[Round "8.4"]
[White "Camps Abadia, Arnau"]
[Black "Pelegrin Serrano, Oriol"]
[Result "1-0"]
[WhiteElo "1177"]
[BlackElo "1168"]
[Annotator "NA RC"]
[PlyCount "32"]
[EventDate "2020.12.13"]
[EventType "swiss"]
[EventCountry "ESP"]
[SourceTitle "playchess.com"]
[Source "ChessBase"]
[SourceQuality "1"]

1. e4 {[%emt 0:00:00]} c6 {[%emt 0:00:24]} 2. d4 {[%emt 0:00:00]} d5 {[%emt 0:00:36]} 3. e5 Bf5 {[%emt 0:00:43]} 4. h4 {[%emt 0:00:07]} h5 {[%emt 0:04:47]} 5. Be2 {[%emt 0:15:46]} e6 {[%emt 0:01:31]} 6. Nf3 {[%emt 0:08:50]} Ne7 {[%emt 0:11:07]} 7. Ng5 {[%emt 0:03:03]} Bg6 {[%emt 0:05:45]} 8. Nc3 {[%emt 0:09:14]} Nd7 {[%emt 0:05:42]} 9. Rh3 {[%emt 0:00:16]} Nf5 {[%emt 0:04:20]} 10. Bd3 {[%emt 0:13:13]} c5 {[%emt 0:04:56]} 11. dxc5 {[%emt 0:01:00]} Nxc5 {[%emt 0:02:58]} 12. Bb5+ {[%emt 0:07:02]} Nd7 {[%emt 0:03:24]} 13. Nxd5 {[%emt 0:00:51]} exd5 {[%emt 0:06:48]} 14. Qxd5 {[%emt 0:02:43]} a6 {[%emt 0:03:12]} 15. e6 {[%emt 0:00:28]} axb5 {[%emt 0:01:44]} 16. exf7+ Ke7 1-0

[Event "VII Sunway Sitges Open-B 2020"]
[Site "Sitges"]
[Date "2020.12.22"]
[Round "9.1"]
[White "Vinas Racionero, Josep"]
[Black "Domene Mulyukov, Alexander"]
[Result "0-1"]
[WhiteElo "1975"]
[BlackElo "1967"]
[Annotator "TA"]
[PlyCount "52"]
[EventDate "2020.12.13"]
[EventType "swiss"]
[EventCountry "ESP"]
[SourceTitle "playchess.com"]
[Source "ChessBase"]
[SourceQuality "1"]

{[%evp 10,52,38,37,57,0,0,0,0,-13,0,-65,-56,-66,-70,-63,-29,-46,-43,-34,-35,-108,-65,-105,-35,-47,-24,-20,39,-116,-93,-172,-187,-302,-311,-292,-300,-434,-423,-343,-262,-574,-462,-606,-491]} 1. d4 Nf6 2. c4 g6 3. Nc3 Bg7 4. e4 d6 5. Nge2 O-O 6. Ng3 Nc6 {E70: King's Indian: Miscellaneous lines with 4 e4, including 5 Nge2 and 5 Bd3 0-0 6 Nge2.} 7. Be2 (7. d5 $14) 7... e5 $11 8. d5 Nd4 {The position is equal.} 9. Be3 c5 10. dxc6 (10. h3 $11) 10... bxc6 $15 (10... Nxe2 $6 11. cxb7 Bxb7 12. Qxe2 $16) 11. Bxd4 exd4 12. Qxd4 Nd5 13. Qd2 Nxc3 14. bxc3 {[#]} h5 $146 ({Predecessor:} 14... Qa5 15. Rc1 Qa3 16. O-O Rb8 17. Rc2 Be6 18. Bd3 Rb6 19. f4 Bxc4 20. Bxc4 Qc5+ {0-1 (32) Vilarnovo Caamano,J (1945)-Suez Panama,G (2078) Caleta 2019}) 15. h4 (15. Bd3 $15) 15... Re8 16. Rd1 Qa5 (16... Qe7 $17 17. O-O Qxh4 18. Qxd6 Be5 19. Qxc6 Be6) 17. O-O Bxc3 18. Qxd6 Qxa2 (18... Be6 $11) 19. Rd3 $2 (19. f4 $14 {stays ahead.} Qa5 20. e5) 19... Be5 $17 ({Don't blunder} 19... Qxc4 $2 20. Rc1 $18) 20. Qxc6 (20. Qa3 $17 Qxa3 21. Rxa3) 20... Be6 $36 {[%mdl 2048] Threatens to win with ...Rac8. White is under strong pressure.} 21. f4 {[#]} (21. Re3 $142) 21... Rac8 $1 {[%cal Rc8c6]} 22. Qb5 Bxc4 {[%mdl 64] Double Attack} 23. Ra3 (23. Qd7 $142 Bxd3 24. Qxd3) 23... Qxa3 ({Less strong is} 23... Bxb5 24. Rxa2 Bd4+ 25. Kh2 $15) 24. Bxc4 Bg7 ({Not} 24... Qxg3 25. fxe5 Re7 {[#]} 26. Bxf7+ $1 {[%mdl 512]} Kh7 27. Qb3 $19) 25. Nxh5 $2 (25. Bb3 {is more resistant.}) 25... Bd4+ 26. Kh1 Qc5 {Weighted Error Value: White=0.61/Black=0.24} 0-1

[Event "VII Sunway Sitges Open-B 2020"]
[Site "Sitges"]
[Date "2020.12.22"]
[Round "9.2"]
[White "Stoynov, Stefan"]
[Black "May Freixa, Josep"]
[Result "1-0"]
[WhiteElo "1923"]
[BlackElo "1729"]
[Annotator "TA"]
[PlyCount "131"]
[EventDate "2020.12.13"]
[EventType "swiss"]
[EventCountry "ESP"]
[SourceTitle "playchess.com"]
[Source "ChessBase"]
[SourceQuality "1"]

{[%evp 9,131,-111,14,-62,-7,-44,-36,-34,0,-14,0,-10,2,-31,21,-3,0,0,6,-4,3,16,22,4,2,-4,-10,-19,-30,-32,0,0,4,12,31,-67,58,35,39,0,0,0,0,-68,-58,-92,-104,-95,0,0,0,0,0,0,0,0,18,18,18,18,18,25,19,18,34,27,35,24,74,29,82,19,69,63,183,191,191,148,148,141,141,141,141,141,213,183,213,183,266,200,278,275,275,268,266,259,259,255,258,183,183,183,183,189,189,189,189,181,181,181,181,181,1885,1869,1723,1623,1353,551,1536,1593,2253,2088,2268,2279]} 1. d4 Nf6 2. c4 c5 3. Nf3 d6 4. h3 {[#]} Nbd7 $146 ({Predecessor:} 4... g6 5. Nc3 Bg7 6. dxc5 Nc6 7. cxd6 e6 8. e4 Qa5 9. Bd2 Qb4 10. e5 Nd7 11. Na4 Qxd2+ 12. Qxd2 Ncxe5 13. Nxe5 Bxe5 {1-0 (20) Gonzalez Gauto,V (1469)-Andrada Bittinger,S Asuncion 2019}) 5. Bf4 g6 (5... cxd4 $17 6. Bc1 e5) 6. Bh2 {A53: Old Indian Defence without Nf3.} (6. e3 $11) 6... Bg7 (6... cxd4 $15 7. Nxd4 Qb6) 7. Nc3 cxd4 8. Nxd4 {Black is slightly better.} a6 9. e4 Qb6 {aiming for ...Nxe4!} 10. Nb3 Nc5 11. Bd3 Bd7 ({Black should play} 11... Nxd3+ $15 12. Qxd3 Be6) 12. O-O Na4 13. Qd2 Nxc3 14. Qxc3 O-O 15. e5 Ne8 16. c5 dxc5 17. Nxc5 Bc6 18. Rab1 Nc7 19. b4 Nb5 20. Qb2 Rfd8 21. a4 Nd4 22. Rfd1 (22. a5 $14 Qa7 23. Rbd1) 22... Ne6 (22... a5 $1 $15) 23. Nxe6 fxe6 24. b5 axb5 25. axb5 Bd5 {Strongly threatening ...Ra2.} 26. Qb4 (26. Bg3 $11) 26... Ra2 $15 27. Rb2 Rxb2 28. Qxb2 {[#]} Ra8 (28... Bc4 $1 $17 {[%mdl 512]} 29. Qb1 {[#]} (29. Bxc4 Rxd1+) 29... Qxb5 $1 {[%mdl 512]}) 29. Bg3 $11 Ra2 30. Qc3 $1 Qa5 31. Qc1 Qb4 32. Kh2 Qb2 33. Qg5 {Bc4! is the strong threat.} Qb3 34. Rd2 Rxd2 35. Qxd2 Qa4 36. Qe3 Qa1 37. Bf4 Qa8 38. h4 Qf8 39. g4 Qf7 (39... Qa8 $11 {remains equal.}) 40. g5 ({White should try} 40. Bg3 $16) 40... Kh8 41. Bg3 Qf3 (41... Kg8 $14) 42. Qxf3 $18 Bxf3 {[%mdl 4096] Endgame KBB-KBB} 43. Kg1 Kg8 44. Bc4 Kf7 45. Kf1 Bd5 46. Bd3 Ke8 (46... Bf3 $16 47. Bc4 Bf8) 47. f4 Kd7 48. Bf2 Kc7 (48... Bf3 $142 49. Bd4 Bg4) 49. Bc5 Kd7 50. Kf2 Ke8 51. Ke3 Kf7 52. Kd4 Bf3 53. Ba7 Ke8 54. Kc5 Kd7 55. Bb6 Bf8 56. Bc4 Bg7 57. Ba5 Be4 58. Kb6 Bf8 59. Bb4 Bf3 60. Ka7 Kc8 $2 (60... Be4 61. Be2 Bg7) 61. Bxe6+ {White is clearly winning.} Kd8 62. Ba5+ Ke8 63. Kb8 (63. b6 $142 Bc6 64. Bc8) 63... Be2 64. b6 Bf3 65. Bb4 Bg7 66. Bc8 {Accuracy: White = 72%, Black = 61%.} 1-0

[Event "VII Sunway Sitges Open-B 2020"]
[Site "Sitges"]
[Date "2020.12.22"]
[Round "9.3"]
[White "Lopez Capape, Armando"]
[Black "Marcos Rodriguez, Raul"]
[Result "1-0"]
[WhiteElo "1772"]
[BlackElo "1465"]
[Annotator "NA RC"]
[PlyCount "103"]
[EventDate "2020.12.13"]
[EventType "swiss"]
[EventCountry "ESP"]
[SourceTitle "playchess.com"]
[Source "ChessBase"]
[SourceQuality "1"]

1. c4 {[%emt 0:07:49]} c5 {[%emt 0:00:00]} 2. Nc3 {[%emt 0:00:38]} Nc6 3. g3 {[%emt 0:00:06]} g6 {[%emt 0:00:21]} 4. Bg2 {[%emt 0:00:38]} Bg7 {[%emt 0:02:27]} 5. e3 {[%emt 0:00:57]} d6 {[%emt 0:02:21]} 6. Nge2 e5 {[%emt 0:00:21]} 7. a3 {[%emt 0:03:33]} Nge7 {[%emt 0:01:18]} 8. Rb1 {[%emt 0:08:10]} O-O {[%emt 0:03:18]} 9. d3 {[%emt 0:04:02]} Be6 {[%emt 0:02:07]} 10. Nd5 {[%emt 0:04:19]} Qd7 {[%emt 0:05:55]} 11. O-O {[%emt 0:05:02]} Bh3 {[%emt 0:08:07]} 12. Nec3 {[%emt 0:14:28]} h5 {[%emt 0:03:05]} 13. b4 {[%emt 0:00:12]} cxb4 {[%emt 0:00:14]} 14. axb4 {[%emt 0:00:47]} Nxd5 15. Nxd5 {[%emt 0:00:08]} Bxg2 {[%emt 0:01:57]} 16. Kxg2 {[%emt 0:04:24]} Ne7 {[%emt 0:06:23]} 17. Qf3 {[%emt 0:00:35]} f5 {[%emt 0:00:13]} 18. Nxe7+ {[%emt 0:01:58]} Qxe7 {[%emt 0:01:34]} 19. Qd5+ {[%emt 0:04:04]} Kh7 {[%emt 0:04:11]} 20. f4 {[%emt 0:03:31]} exf4 21. exf4 {[%emt 0:00:25]} Qe2+ {[%emt 0:01:38]} 22. Rf2 {[%emt 0:01:32]} Qe7 {[%emt 0:08:50]} 23. Bb2 {[%emt 0:05:17]} Rh8 {[%emt 0:01:08]} 24. h4 {[%emt 0:00:56]} Rhe8 {[%emt 0:00:17]} 25. Bxg7 {[%emt 0:01:44]} Kxg7 {[%emt 0:01:32]} 26. Rbb2 {[%emt 0:01:50]} Rad8 {[%emt 0:07:56]} 27. Qd4+ {[%emt 0:02:11]} Kg8 {[%emt 0:00:56]} 28. Qd5+ Qf7 {[%emt 0:00:12]} 29. Qxf7+ {[%emt 0:07:19]} Kxf7 {[%emt 0:06:26]} 30. Rfe2 {[%emt 0:06:48]} b6 {[%emt 0:02:04]} 31. Kf2 {[%emt 0:00:35]} Rxe2+ {[%emt 0:00:39]} 32. Kxe2 {[%emt 0:02:20]} Ke6 {[%emt 0:03:33]} 33. d4 {[%emt 0:01:56]} Kd7 {[%emt 0:01:56]} 34. Kd3 {[%emt 0:01:12]} Kc7 {[%emt 0:00:45]} 35. Re2 Kd7 {[%emt 0:00:11]} 36. Ra2 {[%emt 0:00:56]} Ra8 {[%emt 0:01:07]} 37. b5 {[%emt 0:01:34]} Kc7 38. Kc3 Kd8 {[%emt 0:08:07]} 39. Kb4 {[%emt 0:00:41]} Kd7 {[%emt 0:00:00]} 40. c5 {[%emt 0:00:00]} dxc5+ {[%emt 0:00:00]} 41. dxc5 {[%emt 0:02:00]} bxc5+ {[%emt 0:02:30]} 42. Kxc5 Rc8+ {[%emt 0:00:02]} 43. Kb4 {[%emt 0:05:33]} Rc7 {[%emt 0:08:35]} 44. Ra6 {[%emt 0:00:11]} Rc1 {[%emt 0:00:43]} 45. Rxa7+ {[%emt 0:02:34]} Ke6 {[%emt 0:00:09]} 46. Ra6+ {[%emt 0:00:54]} Kf7 {[%emt 0:00:04]} 47. b6 {[%emt 0:00:11]} Rb1+ {[%emt 0:16:23]} 48. Kc5 {[%emt 0:01:44]} Rc1+ {[%emt 0:01:59]} 49. Kd6 {[%emt 0:00:17]} Rd1+ {[%emt 0:00:09]} 50. Kc7 {[%emt 0:02:11]} Rc1+ {[%emt 0:05:58]} 51. Kb7 {[%emt 0:00:33]} Re1 52. Ka7 1-0

[Event "VII Sunway Sitges Open-B 2020"]
[Site "Sitges"]
[Date "2020.12.23"]
[Round "10.1"]
[White "Domene Mulyukov, Alexander"]
[Black "Ribon Calabia, Mariano"]
[Result "1-0"]
[WhiteElo "1967"]
[BlackElo "1733"]
[Annotator "TA"]
[PlyCount "173"]
[EventDate "2020.12.13"]
[EventType "swiss"]
[EventCountry "ESP"]
[SourceTitle "playchess.com"]
[Source "ChessBase"]
[SourceQuality "1"]

{[%evp 9,173,0,0,0,26,21,12,13,54,54,42,29,72,44,54,39,45,16,20,31,28,23,22,0,0,7,53,60,112,105,107,110,104,110,110,106,161,146,160,163,167,171,174,142,137,135,213,162,210,122,132,107,110,110,112,114,97,97,97,79,83,75,77,19,137,87,81,31,72,1,0,-10,0,0,133,113,125,141,98,0,0,0,0,-14,0,-7,0,0,0,0,0,0,0,0,0,0,0,0,0,0,0,0,0,0,0,0,0,0,10,10,10,17,17,8,85,8,251,8,8,8,8,8,8,0,77,8,8,8,8,8,8,8,8,8,8,8,8,8,8,8,29970,29971,29975,29976,29986,29987,29990,29981,29981,29976,29976,29976,29977,29978,29978,29977,29978,29977,29978,29977,29981,29982,29982,29983,29982,29983]} 1. e4 e6 2. Qe2 c5 3. Nf3 Nc6 4. g3 d6 5. Bg2 e5 6. c3 {C00: French: Unusual White 2nd moves.} Bg4 7. Na3 {[%cal Bb1a3,Ba3c2,Bc2e3][%mdl 32]} Nf6 8. Nc2 {[#] The position is equal.} Qc7 $146 ({Predecessor:} 8... Be7 9. O-O Qd7 10. Rd1 h5 11. d4 cxd4 12. cxd4 exd4 13. Ncxd4 O-O 14. Bf4 d5 15. Nxc6 bxc6 16. exd5 Nxd5 {½-½ (16) Bouah,D (1907)-Shabanaj,E (2140) Turin 2006}) 9. Ne3 Be6 10. Ng5 h6 11. Nxe6 fxe6 12. Qc4 Qf7 $1 13. Bh3 d5 14. exd5 exd5 15. Qe2 Be7 16. Nf5 O-O 17. d4 cxd4 18. Bxh6 $1 Qh5 (18... dxc3 $1 $14 19. bxc3 (19. Bxg7 cxb2 20. Rb1 Nd4 $14) 19... Qh5 20. Qxh5 Nxh5 21. Nxe7+ Nxe7) 19. Qxh5 $16 Nxh5 20. Nxe7+ Nxe7 21. Bg5 Nf6 22. cxd4 e4 (22... exd4 $16 {was necessary.} 23. Be6+ Kh7) 23. O-O Rad8 24. Rac1 Nc6 25. Rfd1 Kf7 26. Rc3 Kg6 27. Be3 Nd7 (27... Rh8 $16 {was worth a try.} 28. Bg2 Ng4) 28. Rdc1 Nb6 29. a3 (29. Rb3 $18) 29... Nc4 30. Bf1 Nxb2 31. Rb3 {[%mdl 64] Double Attack} Nd3 32. Bxd3 exd3 33. Rxd3 Na5 34. Rc7 Rf7 35. Bf4 Nc4 36. Kg2 ({White should play} 36. Rxf7 $16 Kxf7 37. Rb3) 36... Rdd7 (36... Rxc7 $11 37. Bxc7 Rd7) 37. Rxd7 Rxd7 {[%mdl 4096] Endgame KRB-KRN} 38. g4 b5 $1 39. Be5 (39. h4 $16) 39... a5 40. Rb3 b4 41. axb4 a4 (41... Rb7 $1 $11) 42. Rb1 Rb7 43. Bf4 a3 44. Ra1 (44. h4 $16) 44... Rxb4 $11 45. Bc1 Rb3 46. Kf1 Kf6 47. h4 Rh3 48. Ke2 Rxh4 49. Bxa3 Rxg4 50. Bc5 Kf5 51. Ra7 g6 52. Rf7+ Ke6 53. Re7+ Kf5 54. Rf7+ Ke6 55. Rf8 Nd6 56. Kf3 Rg1 57. Ra8 Ne4 58. Re8+ Kf5 59. Re5+ {[%mdl 64] Double Attack} Kf6 60. Rxd5 Nxc5 61. dxc5 {KR-KR} Rc1 (61... Ke7 $11) 62. Ke4 $16 {Strongly threatening Rd6+.} Rc2 $2 {[#]} (62... Ke7 $11 {and Black has nothing to worry.}) 63. f4 $2 (63. f3 $1 $18) 63... Rc4+ $11 64. Ke3 Ke6 65. Re5+ Kf6 66. Kf3 Rc3+ (66... Kf7 $11 {keeps the balance.}) 67. Kg4 (67. Ke4 $16 Rc4+ 68. Ke3) 67... Rc4 68. Rd5 Ke6 69. Rd6+ Ke7 70. Rc6 Kd7 71. Rxg6 {aiming for c6+!} (71. Ra6 {keeps more tension.} Rxc5 72. Rxg6 Ke7 73. Rb6 Kf8 74. f5) 71... Rxc5 72. f5 {And now Re6 would win.} Ke7 73. Kg5 Kf7 74. Ra6 {Threatens to win with Ra7+.} Rb5 $2 {[%mdl 8192] [#]} (74... Rc7 $11) 75. Ra7+ $1 {White mates.} Kf8 76. Kg6 Rb6+ 77. f6 Rb8 78. Rf7+ Ke8 79. Rh7 Rb1 80. Rh8+ Kd7 81. Kg7 Rg1+ 82. Kf7 Rg2 83. Rh4 Rd2 84. Rg4 Rd1 85. Kg8 Ke6 86. f7 Kf5 87. Rg2 {Weighted Error Value: White=0.14/Black=0.17} 1-0

[Event "VII Sunway Sitges Open-B 2020"]
[Site "Sitges"]
[Date "2020.12.23"]
[Round "10.2"]
[White "Camps Abadia, Arnau"]
[Black "Martinez Ayala, Pol"]
[Result "1-0"]
[WhiteElo "1177"]
[BlackElo "1120"]
[Annotator "NA RC"]
[PlyCount "56"]
[EventDate "2020.12.13"]
[EventType "swiss"]
[EventCountry "ESP"]
[SourceTitle "playchess.com"]
[Source "ChessBase"]
[SourceQuality "1"]

1. b3 d5 2. Bb2 Nf6 3. e3 c5 4. Nf3 e6 5. d4 Nbd7 6. Bd3 b6 7. O-O Bb7 8. Nbd2 Be7 9. c3 O-O 10. Qc2 Qc7 11. Rfe1 Rac8 12. Rac1 Rfd8 13. c4 h6 14. e4 dxe4 15. Nxe4 Nxe4 16. Bxe4 Bxe4 17. Qxe4 Nf6 18. Qe2 Rd7 19. Ne5 Rdd8 20. Rcd1 cxd4 21. Rxd4 Rxd4 22. Bxd4 Rd8 23. Qb2 Bc5 24. Nf3 Bxd4 25. Nxd4 Qd7 26. Nf3 Qd3 27. Ne5 Qd2 28. Qb1 Qd6 1-0